{"text_format":"1","workbook":"xlsx","n_sheets":1,"sheets":["inv_fab_cig_abril_2022"],"not_rendered":{"charts":0,"images":2,"macros":0,"external_links":0,"defined_names":1,"comments":0,"pivot_tables":0},"unopened":[],"bounds":{"document_bytes":16777216,"sheet_cells":100000,"rows_first":2000,"rows_last":500,"rows_between":2000,"halvings":0,"cell_chars":16384,"cell_head_chars":4096},"cells_cut":0,"cells_raw":0,"read":"whole","date_system":"1900"}

{"sheet":"inv_fab_cig_abril_2022","index":0,"n_rows":210,"n_cols":8,"rows_kept":210,"cut":false,"hidden":false,"merged":[[53,0,53,6],[5,7,9,7],[5,0,9,0],[1,0,1,7],[2,0,2,7],[3,0,3,7],[5,1,9,1],[5,2,9,2],[5,3,9,3],[5,4,9,4],[5,5,9,5],[5,6,9,6],[82,7,86,7],[131,0,131,6],[78,0,78,7],[79,0,79,7],[80,0,80,7],[82,0,86,0],[82,1,86,1],[82,2,86,2],[82,3,86,3],[82,4,86,4],[82,5,86,5],[82,6,86,6],[209,0,209,6],[155,0,155,7],[156,0,156,7],[157,0,157,7],[159,0,163,0],[159,1,163,1],[159,2,163,2],[159,3,163,3],[159,4,163,4],[159,5,163,5],[159,6,163,6],[159,7,163,7]]}
[]
["INSTITUTO DEL TABACO DE LA REPÚBLICA DOMINICANA"]
["INVENTARIO FABRICA DE CIGARROS"]
["MES DE JULIO 2022"]
[]
["Fecha de adquisición y/o registro","Artículo","Código institucional","Descripción artículo","Existencia","Unidad","Costo","Valor"]
[]
[]
[]
[]
["2018-03-05","ANILLO ( 542 )","ANILLO.B.D","ANILLO BANDERA DOM",3500,"UND",2.7730000000000001,{"$f":"+G11*E11","v":9705.5}]
["2016-02-01","GENERAL ( 10 )","VINOTINTO","VINO TINTO LA FUERZA",198,"UNIDAD",147.13901999999999,{"$f":"+G12*E12","v":29133.525959999999}]
["2017-05-30","MADERA ( 3 )","AGR","CIG.ROBUSTO AGR C10-54X6",5,"CAJA",328.28321,1641.41605]
["2016-11-07","MADERA ( 3 )","CAJ.OKUME","CAJA OKUME 54X5 DE 10",93,"UND",167,15531]
["2018-03-12","MADERA ( 3 )","CAJA  AGR","CAJA  AGR 54X6 DE 10",31,"UND",328.28321999999997,10176.77982]
["2018-03-12","MADERA ( 3 )","CAJA OKUME","CAJ OKUME 54X6 DE10",26,"UND",172,4472]
["2018-03-12","MADERA ( 3 )","CAJA.OKUME","CAJ OKUME 60X5 DE 10",46,"UND",172,7912]
["2017-03-14","MADERA ( 3 )","CAJA-OKUME","CAJ OKUME 52X6 DE 10",120,"UND",171,20520]
["2017-03-14","MADERA ( 3 )","CIG. C10 OKUME","CIG. ROBUSTO C10 54X6 OKUME",30,"CAJA",172,5160]
["2017-03-14","MADERA ( 3 )","CIG. C10-OKUM","CIG. ROBUSTO C10 54X5 OKUME",40,"CAJA",167,6680]
["2017-03-14","MADERA ( 3 )","CIG. C10-OKUME","CIG. ROBUSTO C10 60X5 OKUME",15,"CAJA",172,2580]
["2017-03-14","MATERIALES ( 9 )","SHOPPING 1","SHOPPING MEDIANO",800,"UND",35.4,28320]
["2017-03-14","MATERIALES ( 9 )","SHOPPING 2","SHOPPING GRANDE",850,"UND",53.1,45135]
["2017-03-14","MATERIALES ( 9 )","ANIL","ANILLO  ESPECIAL ",5000,"UND",2.4780000000000002,12390.000000000002]
["2017-03-14","MATERIALES ( 9 )","ANILLO GRANDE","ANILLO GRANDE",10000,"UND",2.714,27140]
["2017-03-14","MATERIALES ( 9 )","CAJ10 50X6","CAJA 50X6 DE 10 UNIDADES",39,"UND",207.88,8107.32]
["2017-03-14","MATERIALES ( 9 )","CAJ20","CAJA 44X6 DE 20 UNIDADES",14,"CAJ 20",130.30779999999999,1824.3091999999997]
["2017-03-14","MATERIALES ( 9 )","CAJ5 50X5","CAJA 50X5 DE 5 UNIDADES",107,"UND",173.38,18551.66]
["2017-03-14","MATERIALES ( 9 )","CAJA 54X5","CAJA 54X5 DE 10 UNIDADES",40,"UND",205.0847,8203.387999999999]
["2017-03-14","MATERIALES ( 9 )","CAJUELA DE CEDRO","CAJUELA DE CEDRO",26,"UND",665,17290]
["2017-03-10","OTROS ( 5 )","A.G1","ANILLO C. GRANDE",10000,"UND",2.714,27140]
["2017-03-10","OTROS ( 5 )","CAJ","CAJA DE 3 UND 50X5",120,"CAJA",132.19999999999999,15863.999999999998]
["2016-11-07","OTROS ( 5 )","CAJA 3","CIG.ROBUSTO C3 50X5",37,"CAJA",132.19999999999999,4891.3999999999996]
["2016-11-07","OTROS ( 5 )","CIG.ROBUSTO C10-54X5","CIG.ROBUSTO C10-54X5",5,"UND",205.0847,1025.4234999999999]
["2016-11-07","OTROS ( 5 )","EC62X8","ESTUCHE CELOFAN 62X8 1/2",4,"MILLAR",780.00360000000001,3120.0144]
["2016-11-07","OTROS ( 5 )","CIG.60X5","CIGARRO ROBUSTO 60X5",1615,"UND",70.289559999999994,113517.63939999999]
["2017-06-06","SUMINISTROS ( 6 )","EC54X8.","ESTUCHE CELOFAN 54X8",1,"MILLAR",702.1,702.1]
["2017-04-10","TABACO OTROS ( 8 )","CIG. OKUME","CIG. ROBUSTO C10 52X6 OKUME",22,"CAJA",171,3762]
["2017-04-03","TABACO OTROS ( 8 )","CAJA- OKUME","CIG.ROBUSTO C10 50X5 OKUME",18,"CAJA",165,2970]
["2017-04-03","TABACO OTROS ( 8 )","CIAGARRO 54X4½","CIGARROS ROBUSTO 54X4½",106,"UND",66.881500000000003,7089.4390000000003]
["2017-04-03","TABACO OTROS ( 8 )","CIGARRO 50X5","CIGA.ROBUSTO C10 50X5  ",2,"CAJA",197.62710000000001,395.25420000000003]
["2017-04-03","TABACO OTROS ( 8 )","CIGARRO CORONA-50X5","CIGARRO ROBUSTO-50X5",4166,"UND",70.512389999999996,293754.61673999997]
["2021-03-31","TABACO OTROS ( 8 )","CIGARROS 44X5","CIGARROS CORONA 44X5",1428,"UND",54.691789999999997,78099.876120000001]
["2021-03-31","TABACO OTROS ( 8 )","CIGARROS 50X6","CIGARRO ROBUSTO 50X6",2489,"UND",70.289479999999998,174950.51572]
["2021-03-31","TABACO OTROS ( 8 )","CIGARROS 52X6","CIGARROS ROBUSTO 52X6",9588,"UND",70.2881,673922.30279999995]
["2021-03-31","TABACO OTROS ( 8 )","CIGARROS 54X5","CIGARROS ROBUSTO 54X5",7495,"UND",70.255679999999998,526566.32160000002]
["2021-03-31","TABACO OTROS ( 8 )","CIGARROS 54X5½","CIGARROS ROBUSTO 54X5½",86,"UND",70.281059999999997,6044.1711599999999]
["2021-07-31","TABACO OTROS ( 8 )","CIGARROS 54X6","CIGARROS ROBUSTO 54X6",2240,"UND",70.290019999999998,157449.64480000001]
["2021-07-31","TABACO OTROS ( 8 )","CIGARROS 60X6","CIGARROS ROBUSTO 60X6",716,"UND",70.290000000000006,50327.640000000007]
["2021-07-31","TABACO OTROS ( 8 )","CIGC5(50X5)","CIGARRO ROBUSTO C5 50X5",2,"CAJA",173.38,346.76]
["2021-07-31","TABACO OTROS ( 8 )","CIGC5(54X5)","CIGARRO ROBUSTO C5 54X5",2,"CAJA",178.98330000000001,357.96660000000003]
["2021-07-31","TABACO OTROS ( 8 )","CIGCORC20-50X63/8","CIGARRO CHURCHILL 50X63/8              ",50,"UND",70.290000000000006,3514.5000000000005]
["2021-07-31","TABACO OTROS ( 8 )","CIGCORUND","CIGARRO CORONA 44X6",40,"UND",62.48,2499.1999999999998]
["TOTAL",null,null,null,null,null,null,{"$f":"SUM(H11:H53)","v":2428784.6850699997}]
[]
[]
[]
[]
[]
[]
[]
[]
[]
[]
[]
[]
[]
[]
[]
[]
[]
[]
[]
[]
[]
[]
[]
[]
["INSTITUTO DEL TABACO DE LA REPÚBLICA DOMINICANA"]
["INVENTARIO FABRICA DE CIGARROS"]
["MES DE AGOSTO 2022"]
[]
["Fecha de adquisición y/o registro","Artículo","Código institucional","Descripción artículo","Existencia","Unidad","Costo","Valor"]
[]
[]
[]
[]
["2018-03-05","ANILLO ( 542 )","ANILLO.B.D","ANILLO BANDERA DOM",3500,"UND",2.7730000000000001,{"$f":"+G88*E88","v":9705.5}]
["2016-02-01","GENERAL ( 10 )","VINOTINTO","VINO TINTO LA FUERZA",197,"UNIDAD",147.13901999999999,{"$f":"+G89*E89","v":28986.386939999997}]
["2017-05-30","MADERA ( 3 )","AGR","CIG.ROBUSTO AGR C10-54X6",5,"CAJA",328.28321,1641.41605]
["2016-11-07","MADERA ( 3 )","CAJ.OKUME","CAJA OKUME 54X5 DE 10",93,"UND",167,15531]
["2018-03-12","MADERA ( 3 )","CAJA  AGR","CAJA  AGR 54X6 DE 10",31,"UND",328.28321999999997,10176.77982]
["2018-03-12","MADERA ( 3 )","CAJA OKUME","CAJ OKUME 54X6 DE10",26,"UND",172,4472]
["2018-03-12","MADERA ( 3 )","CAJA.OKUME","CAJ OKUME 60X5 DE 10",40,"UND",172,6880]
["2017-03-14","MADERA ( 3 )","CAJA-OKUME","CAJ OKUME 52X6 DE 10",120,"UND",171,20520]
["2017-03-14","MADERA ( 3 )","CIG. C10 OKUME","CIG. ROBUSTO C10 54X6 OKUME",21,"CAJA",172,3612]
["2017-03-14","MADERA ( 3 )","CIG. C10-OKUM","CIG. ROBUSTO C10 54X5 OKUME",26,"CAJA",167,4342]
["2017-03-14","MADERA ( 3 )","CIG. C10-OKUME","CIG. ROBUSTO C10 60X5 OKUME",13,"CAJA",172,2236]
["2017-03-14","MATERIALES ( 9 )","SHOPPING 1","SHOPPING MEDIANO",800,"UND",35.4,28320]
["2017-03-14","MATERIALES ( 9 )","SHOPPING 2","SHOPPING GRANDE",850,"UND",53.1,45135]
["2017-03-14","MATERIALES ( 9 )","ANIL","ANILLO  ESPECIAL ",5000,"UND",2.4780000000000002,12390.000000000002]
["2017-03-14","MATERIALES ( 9 )","ANILLO GRANDE","ANILLO GRANDE",10000,"UND",2.714,27140]
["2017-03-14","MATERIALES ( 9 )","CAJ10 50X6","CAJA 50X6 DE 10 UNIDADES",29,"UND",207.88,6028.5199999999995]
["2017-03-14","MATERIALES ( 9 )","CAJ20","CAJA 44X6 DE 20 UNIDADES",12,"CAJ 20",130.30779999999999,1563.6935999999998]
["2017-03-14","MATERIALES ( 9 )","CAJ5 50X5","CAJA 50X5 DE 5 UNIDADES",87,"UND",173.38,15084.06]
["2017-03-14","MATERIALES ( 9 )","CAJA 54X5","CAJA 54X5 DE 10 UNIDADES",40,"UND",205.0847,8203.387999999999]
["2017-03-14","MATERIALES ( 9 )","CAJUELA DE CEDRO","CAJUELA DE CEDRO",26,"UND",665,17290]
["2017-03-10","OTROS ( 5 )","A.G1","ANILLO C. GRANDE",10000,"UND",2.714,27140]
["2017-03-10","OTROS ( 5 )","CAJ","CAJA DE 3 UND 50X5",120,"CAJA",132.19999999999999,15863.999999999998]
["2016-11-07","OTROS ( 5 )","CAJA 3","CIG.ROBUSTO C3 50X5",35,"CAJA",132.19999999999999,4627]
["2016-11-07","OTROS ( 5 )","CIG.ROBUSTO C10-54X5","CIG.ROBUSTO C10-54X5",4,"UND",205.0847,820.33879999999999]
["2016-11-07","OTROS ( 5 )","EC62X8","ESTUCHE CELOFAN 62X8 1/2",4,"MILLAR",780.00360000000001,3120.0144]
["2016-11-07","OTROS ( 5 )","CIG.60X5","CIGARRO ROBUSTO 60X5",1679,"UND",70.289559999999994,118016.17124]
["2017-06-06","SUMINISTROS ( 6 )","EC54X8.","ESTUCHE CELOFAN 54X8",1,"MILLAR",702.1,702.1]
["2017-04-10","TABACO OTROS ( 8 )","CIG. OKUME","CIG. ROBUSTO C10 52X6 OKUME",15,"CAJA",171,2565]
["2017-04-03","TABACO OTROS ( 8 )","CAJA- OKUME","CIG.ROBUSTO C10 50X5 OKUME",10,"CAJA",165,1650]
["2017-04-03","TABACO OTROS ( 8 )","CIGARRO 50X5","CIGA.ROBUSTO C10 50X5  ",1,"CAJA",197.62710000000001,197.62710000000001]
["2017-04-03","TABACO OTROS ( 8 )","CIGARRO CORONA-50X5","CIGARRO ROBUSTO-50X5",3897,"UND",70.512389999999996,274786.78382999997]
["2017-04-03","TABACO OTROS ( 8 )","CIGARROS 44X5","CIGARROS CORONA 44X5",1095,"UND",54.691789999999997,59887.510049999997]
["2021-03-31","TABACO OTROS ( 8 )","CIGARROS 50X6","CIGARRO ROBUSTO 50X6",2460,"UND",70.289479999999998,172912.1208]
["2021-03-31","TABACO OTROS ( 8 )","CIGARROS 52X6","CIGARROS ROBUSTO 52X6",9397,"UND",70.2881,660497.2757]
["2021-03-31","TABACO OTROS ( 8 )","CIGARROS 54X5","CIGARROS ROBUSTO 54X5",6633,"UND",70.255679999999998,466005.92543999996]
["2021-03-31","TABACO OTROS ( 8 )","CIGARROS 54X5½","CIGARROS ROBUSTO 54X5½",86,"UND",70.281059999999997,6044.1711599999999]
["2021-03-31","TABACO OTROS ( 8 )","CIGARROS 54X6","CIGARROS ROBUSTO 54X6",4733,"UND",70.290019999999998,332682.66466000001]
["2021-07-31","TABACO OTROS ( 8 )","CIGARROS 60X6","CIGARROS ROBUSTO 60X6",685,"UND",70.290000000000006,48148.65]
["2021-07-31","TABACO OTROS ( 8 )","CIGC10(50X6)","CIGARRO ROBUSTO C10 50X6",10,"CAJA",207.88,2078.8000000000002]
["2021-07-31","TABACO OTROS ( 8 )","CIGC5(50X5)","CIGARRO ROBUSTO C5 50X5",21,"CAJA",173.38,3640.98]
["2021-07-31","TABACO OTROS ( 8 )","CIGC5(54X5)","CIGARRO ROBUSTO C5 54X5",1,"CAJA",178.98330000000001,178.98330000000001]
["2021-07-31","TABACO OTROS ( 8 )","CIGCORC20","CIGARRO CORONA C20 44X6",1,"CAJ 20",130.30779999999999,130.30779999999999]
["2021-07-31","TABACO OTROS ( 8 )","CIGCORC20-50X63/8","CIGARRO CHURCHILL 50X63/8              ",50,"UND",70.290000000000006,3514.5000000000005]
["2021-07-31","TABACO OTROS ( 8 )","CIGCORUND","CIGARRO CORONA 44X6",20,"UND",62.48,1249.5999999999999]
["TOTAL",null,null,null,null,null,null,{"$f":"SUM(H88:H131)","v":2475718.2686899998}]
[]
[]
[]
[]
[]
[]
[]
[]
[]
[]
[]
[]
[]
[]
[]
[]
[]
[]
[]
[]
[]
[]
[]
["INSTITUTO DEL TABACO DE LA REPÚBLICA DOMINICANA"]
["INVENTARIO FABRICA DE CIGARROS"]
["MES DE SEPTIEMBRE 2022"]
[]
["Fecha de adquisición y/o registro","Artículo","Código institucional","Descripción artículo","Existencia","Unidad","Costo","Valor"]
[]
[]
[]
[]
["2018-03-05","ANILLO ( 542 )","ANILLO.B.D","ANILLO BANDERA DOM",1500,"UND",2.7730000000000001,{"$f":"+G165*E165","v":4159.5}]
["2016-02-01","GENERAL ( 10 )","VINOTINTO","VINO TINTO LA FUERZA",192,"UNIDAD",147.13901999999999,{"$f":"+G166*E166","v":28250.69184}]
["2017-05-30","MADERA ( 3 )","CAJ OKUME","CAJ OKUME 50X5 DE 10",200,"UND",234,46800]
["2016-11-07","MADERA ( 3 )","CAJ.OKUME","CAJA OKUME 54X5 DE 10",393,"UND",221.19846999999999,86930.99871]
["2018-03-12","MADERA ( 3 )","CAJA  AGR","CAJA  AGR 54X6 DE 10",131,"UND",532.57083999999998,69766.780039999998]
["2018-03-12","MADERA ( 3 )","CAJA OKUME","CAJ OKUME 54X6 DE10",176,"UND",234.21591000000001,41222.000160000003]
["2018-03-12","MADERA ( 3 )","CAJA.OKUME","CAJ OKUME 60X5 DE 10",190,"UND",228.84210999999999,43480.000899999999]
["2017-03-14","MADERA ( 3 )","CAJA-OKUME","CAJ OKUME 52X6 DE 10",270,"UND",211,56970]
["2017-03-14","MADERA ( 3 )","CIG. C10 OKUME","CIG. ROBUSTO C10 54X6 OKUME",14,"CAJA",172,2408]
["2017-03-14","MADERA ( 3 )","CIG. C10-OKUM","CIG. ROBUSTO C10 54X5 OKUME",18,"CAJA",167,3006]
["2017-03-14","MADERA ( 3 )","CIG. C10-OKUME","CIG. ROBUSTO C10 60X5 OKUME",9,"CAJA",172,1548]
["2017-03-14","MATERIALES ( 9 )","SHOPPING 1","SHOPPING MEDIANO",650,"UND",35.4,23010]
["2017-03-14","MATERIALES ( 9 )","SHOPPING 2","SHOPPING GRANDE",700,"UND",53.1,37170]
["2017-03-14","MATERIALES ( 9 )","ANIL","ANILLO  ESPECIAL ",3000,"UND",2.4780000000000002,7434.0000000000009]
["2017-03-14","MATERIALES ( 9 )","ANILLO GRANDE","ANILLO GRANDE",4000,"UND",2.714,10856]
["2017-03-14","MATERIALES ( 9 )","CAJ10 50X6","CAJA 50X6 DE 10 UNIDADES",29,"UND",207.88,6028.5199999999995]
["2017-03-14","MATERIALES ( 9 )","CAJ20","CAJA 44X6 DE 20 UNIDADES",12,"CAJ 20",130.30779999999999,1563.6935999999998]
["2017-03-14","MATERIALES ( 9 )","CAJ5 50X5","CAJA 50X5 DE 5 UNIDADES",87,"UND",173.38,15084.06]
["2017-03-14","MATERIALES ( 9 )","CAJA 54X5","CAJA 54X5 DE 10 UNIDADES",40,"UND",205.0847,8203.387999999999]
["2017-03-14","MATERIALES ( 9 )","CAJUELA DE CEDRO","CAJUELA DE CEDRO",26,"UND",665,17290]
["2017-03-10","OTROS ( 5 )","CAJ-OKUME","CAJ OKUME 60X6 DE 10",100,"UND",251,25100]
["2017-03-10","OTROS ( 5 )","A.G1","ANILLO C. GRANDE",4000,"UND",2.714,10856]
["2016-11-07","OTROS ( 5 )","CAJ","CAJA DE 3 UND 50X5",120,"CAJA",132.19999999999999,15863.999999999998]
["2016-11-07","OTROS ( 5 )","CAJA 3","CIG.ROBUSTO C3 50X5",32,"CAJA",132.19999999999999,4230.3999999999996]
["2016-11-07","OTROS ( 5 )","CIG.ROBUSTO C10-54X5","CIG.ROBUSTO C10-54X5",4,"UND",205.0847,820.33879999999999]
["2016-11-07","OTROS ( 5 )","EC62X8","ESTUCHE CELOFAN 62X8 1/2",1,"MILLAR",780.00360000000001,780.00360000000001]
["2017-06-06","OTROS ( 5 )","CIG.60X5","CIGARRO ROBUSTO 60X5",2184,"UND",70.289559999999994,153512.39903999999]
["2017-04-10","SUMINISTROS ( 6 )","EC54X8.","ESTUCHE CELOFAN 54X8",1,"MILLAR",702.1,702.1]
["2017-04-03","TABACO OTROS ( 8 )","CIG. OKUME","CIG. ROBUSTO C10 52X6 OKUME",7,"CAJA",171,1197]
["2017-04-03","TABACO OTROS ( 8 )","CAJA- OKUME","CIG.ROBUSTO C10 50X5 OKUME",10,"CAJA",165,1650]
["2017-04-03","TABACO OTROS ( 8 )","CIGARRO CORONA 50X4","CIGARRO ROBUSTO 50X4",2024,"UND",62,125488]
["2017-04-03","TABACO OTROS ( 8 )","CIGARRO CORONA-50X5","CIGARRO ROBUSTO-50X5",3185,"UND",70.512389999999996,224581.96214999998]
["2021-03-31","TABACO OTROS ( 8 )","CIGARROS 44X5","CIGARROS CORONA 44X5",345,"UND",54.691789999999997,18868.667549999998]
["2021-03-31","TABACO OTROS ( 8 )","CIGARROS 50X6","CIGARRO ROBUSTO 50X6",2440,"UND",70.289479999999998,171506.33119999999]
["2021-03-31","TABACO OTROS ( 8 )","CIGARROS 52X6","CIGARROS ROBUSTO 52X6",8885,"UND",70.2881,624509.76850000001]
["2021-03-31","TABACO OTROS ( 8 )","CIGARROS 54X5","CIGARROS ROBUSTO 54X5",5667,"UND",70.255679999999998,398138.93855999998]
["2021-03-31","TABACO OTROS ( 8 )","CIGARROS 54X5½","CIGARROS ROBUSTO 54X5½",76,"UND",70.281059999999997,5341.3605600000001]
["2021-07-31","TABACO OTROS ( 8 )","CIGARROS 54X6","CIGARROS ROBUSTO 54X6",4559,"UND",70.290019999999998,320452.20117999997]
["2021-07-31","TABACO OTROS ( 8 )","CIGARROS 60X6","CIGARROS ROBUSTO 60X6",404,"UND",70.290000000000006,28397.160000000003]
["2021-07-31","TABACO OTROS ( 8 )","CIGC10(50X6)","CIGARRO ROBUSTO C10 50X6",10,"CAJA",207.88,2078.8000000000002]
["2021-07-31","TABACO OTROS ( 8 )","CIGC5(50X5)","CIGARRO ROBUSTO C5 50X5",11,"CAJA",173.38,1907.1799999999998]
["2021-07-31","TABACO OTROS ( 8 )","CIGC5(54X5)","CIGARRO ROBUSTO C5 54X5",1,"CAJA",178.98330000000001,178.98330000000001]
["2021-07-31","TABACO OTROS ( 8 )","CIGCORC20","CIGARRO CORONA C20 44X6",1,"CAJ 20",130.30779999999999,130.30779999999999]
["2021-07-31","TABACO OTROS ( 8 )","CIGCORC20-50X63/8","CIGARRO CHURCHILL 50X63/8              ",47,"UND",70.290000000000006,3303.63]
[]
["TOTAL",null,null,null,null,null,null,{"$f":"SUM(H165:H209)","v":2650777.1654899996}]